Flags of Europe but they are British Colonies - Statistics

General Stats
  • This quiz has been taken 45 times
  • The average score is 23 of 44
Answer Stats
Picture Answer % Correct
Switzerland
90%
Croatia
87%
Kosovo
87%
Portugal
87%
Albania
82%
Germany
82%
Andorra
79%
San Marino
79%
Serbia
79%
Slovakia
79%
Slovenia
79%
Spain
79%
Austria
77%
France
74%
Greece
74%
Vatican City
74%
Ireland
72%
Poland
69%
Moldova
67%
Malta
64%
Ukraine
64%
Hungary
62%
Montenegro
62%
Italy
44%
Russia
44%
Lithuania
41%
Luxembourg
41%
Romania
36%
Bosnia and Herzegovina
33%
Sweden
33%
Norway
31%
Belarus
28%
Estonia
28%
Finland
28%
Netherlands
28%
Czech Republic
23%
Monaco
23%
North Macedonia
21%
Bulgaria
15%
Denmark
15%
Latvia
15%
Belgium
13%
Iceland
10%
Liechtenstein
10%
No matching quizzes found
Score Distribution
Percent of People with Each Score
Percentile by Number Answered
Your Score History
You have not taken this quiz